000
00281nam a22001337a 4500
008
180921b xxu||||| |||| 00| 0 eng d
020
_a
9780395294574
041
_a
eng
080
_a
721
100
_a
41
101
_a
NDE
245
_a
Unbuilding
_c
Macaulay, D
942
_2
udc
_c
BK
999
_c
48209
_d
48209